MDQL
is popping MORE tags! Check the
thread
!
Quizzes
Events
Quiz Creation
Community
Videos
Private Events
Remove Ads
Sign In
Join for FREE
Feedback
Dark Mode
Quiz Categories
Sports
Geography
Music
Movies
Television
Just For Fun
Miscellaneous
History
Literature
Language
Science
Gaming
Entertainment
Religion
Holiday
For Kids
Quiz Lab
Recent
Popular Today
Quiz Kudos Today
Editor Picks
Curator Picks
Quizzes by...
Day
Popularity
Type
Ratings
Length
Year
Community
Subscriptions
Recent Discussions
Orange Saloon
Badges
Playlists
Quests
Create
Leaderboards
Showdown
Live 5
Trivia Bingo
Activity
Puzzle Library
Sporcle Events
Private Events
Virtual Trivia
Globe League
Become a Host
Pub Owners
SporcleCon
Opinionation
Our Games
Videos
Blog
Mobile Apps
Partnerships
Remove Ads and Go Orange
Feedback
Sports
Athletes
MLB
NBA
NHL
NFL
Soccer
Sports Teams
WWE
NCAA
Football
Premier League
Basketball
Baseball
Hockey
Golf
Tennis
Cricket
Rugby
Auto Racing
Olympics
World Cup
Sports
Athletes
MLB
NBA
NHL
NFL
Soccer
Sports Teams
WWE
NCAA
Football
Premier League
Basketball
Baseball
Hockey
Golf
Tennis
Cricket
Rugby
Auto Racing
Olympics
World Cup
Random Quiz
Search Sporcle
×
Quiz Lab
Quiz Lab
Sports
Rugby
Type in answers that appear in a list
Type in answers that appear in a list
Classic
Best Score? Go Orange.
Super Rugby XVs: Hurricanes Stats
Can you name the Super Rugby XVs: Hurricanes?
By
Benno
15m
300 Questions
2,600 Plays
2,600 Plays
2,600 Plays
Comments
Comments
Give Quiz Kudos
Give Quiz Kudos
-
- Ratings
hide this ad
Replay
Link that replays current quiz
Next Quiz
Link to next quiz in quiz playlist
You Got
0%
They Got
Avg Score
63%
Avg Friend Score
Upgrade to see
Score Distribution
Jump to the score distribution portion of the page
Score
0/300
Timer
15:00
0
Plays Today
Hint
Answer
% Correct
2016
Beauden Barrett
95.2%
2019
Beauden Barrett
95.2%
2017
Beauden Barrett
95.1%
2019
Jordie Barrett
95%
2015
Beauden Barrett
94.9%
2017
Jordie Barrett
94.9%
2012
Beauden Barrett
94.8%
2013
Beauden Barrett
94.8%
2014
Beauden Barrett
94.8%
2018
Beauden Barrett
94.7%
2018
Jordie Barrett
94.5%
2005
Conrad Smith
93.1%
2008
Conrad Smith
93.1%
2009
Conrad Smith
93.1%
2010
Conrad Smith
93.1%
2012
Conrad Smith
93.1%
2013
Conrad Smith
93.1%
2014
Conrad Smith
93.1%
2015
Conrad Smith
93%
2017
Julian Savea
92.9%
2015
Julian Savea
92.9%
2017
Ardie Savea
92.9%
2015
Ardie Savea
92.9%
2012
Julian Savea
92.9%
2013
Julian Savea
92.9%
2014
Julian Savea
92.9%
2016
Julian Savea
92.8%
2016
Ardie Savea
92.8%
2007
Conrad Smith
92.7%
2019
Ardie Savea
92.7%
2015
Ma'a Nonu
92.5%
2003
Ma'a Nonu
92.5%
2004
Ma'a Nonu
92.5%
2005
Ma'a Nonu
92.5%
2006
Ma'a Nonu
92.5%
2008
Ma'a Nonu
92.5%
2009
Ma'a Nonu
92.5%
2010
Ma'a Nonu
92.5%
2011
Ma'a Nonu
92.5%
2007
Ma'a Nonu
92.4%
2018
Julian Savea
92.3%
2018
Ardie Savea
92.2%
2009
David Smith
92.2%
2019
TJ Perenara
92.2%
2019
Toby Smith
92.1%
2003
Daniel Smith
92.1%
2017
TJ Perenara
91.8%
2018
Toby Smith
91.8%
2016
TJ Perenara
91.6%
2015
TJ Perenara
91.5%
2012
TJ Perenara
91.2%
2013
TJ Perenara
91.2%
2014
TJ Perenara
91.2%
2018
TJ Perenara
91.1%
2015
Dane Coles
90.9%
2019
Dane Coles
90.8%
2016
Dane Coles
90.7%
2012
Dane Coles
90.6%
2014
Dane Coles
90.6%
2007
Tana Umaga
86.8%
2000
Tana Umaga
86.8%
2001
Tana Umaga
86.8%
2002
Tana Umaga
86.8%
2003
Tana Umaga
86.8%
2004
Tana Umaga
86.8%
2005
Tana Umaga
86.8%
2006
Tana Umaga
86.8%
2015
Cory Jane
84.3%
2007
Cory Jane
84.3%
2008
Cory Jane
84.3%
2009
Cory Jane
84.3%
2010
Cory Jane
84.3%
2011
Cory Jane
84.3%
2012
Cory Jane
84.3%
2014
Cory Jane
84.3%
2016
Cory Jane
83.3%
2000
Jonah Lomu
80.8%
2001
Jonah Lomu
80.8%
2002
Jonah Lomu
80.8%
2000
Christian Cullen
80.3%
2001
Christian Cullen
80.3%
2002
Christian Cullen
80.3%
2003
Christian Cullen
80.3%
2001
Jerry Collins
79.9%
2002
Jerry Collins
79.9%
2003
Jerry Collins
79.9%
2004
Jerry Collins
79.9%
2005
Jerry Collins
79.9%
2006
Jerry Collins
79.9%
2008
Jerry Collins
79.9%
2017
Ngani Laumape
79.5%
2018
Ngani Laumape
78.6%
2019
Ngani Laumape
78.4%
2005
Piri Weepu
78.4%
2006
Piri Weepu
78.4%
2008
Piri Weepu
78.4%
2009
Piri Weepu
78.4%
2010
Piri Weepu
78.4%
2002
Andrew Hore
76.5%
2004
Andrew Hore
76.5%
Hint
Answer
% Correct
2005
Andrew Hore
76.5%
2006
Andrew Hore
76.5%
2007
Andrew Hore
76.5%
2008
Andrew Hore
76.5%
2009
Andrew Hore
76.5%
2010
Andrew Hore
76.5%
2011
Andrew Hore
76.5%
2001
Rodney So'oialo
75.7%
2003
Rodney So'oialo
75.7%
2004
Rodney So'oialo
75.7%
2005
Rodney So'oialo
75.7%
2006
Rodney So'oialo
75.7%
2008
Rodney So'oialo
75.7%
2009
Rodney So'oialo
75.7%
2010
Rodney So'oialo
75.7%
2015
Nehe Milner-Skudder
75.6%
2015
Ben Franks
75.5%
2013
Ben Franks
75.4%
2014
Ben Franks
75.4%
2015
Victor Vito
75.4%
2009
Victor Vito
75.4%
2010
Victor Vito
75.4%
2011
Victor Vito
75.4%
2012
Victor Vito
75.4%
2013
Victor Vito
75.4%
2014
Victor Vito
75.4%
2016
Victor Vito
74.4%
2017
Brad Shields
72.6%
2015
Brad Shields
72.5%
2016
Brad Shields
72.4%
2013
Brad Shields
72.2%
2018
Nehe Milner-Skudder
72.1%
2018
Brad Shields
69.4%
2019
Ben Lam
69%
2018
Ben Lam
68.7%
2017
Vince Aso
66.3%
2015
Jeremy Thrush
66.2%
2008
Jeremy Thrush
66.2%
2009
Jeremy Thrush
66.2%
2011
Jeremy Thrush
66.2%
2012
Jeremy Thrush
66.2%
2013
Jeremy Thrush
66.2%
2014
Jeremy Thrush
66.2%
2005
Neemia Tialata
65.7%
2006
Neemia Tialata
65.7%
2007
Neemia Tialata
65.7%
2009
Neemia Tialata
65.7%
2010
Neemia Tialata
65.7%
2011
Neemia Tialata
65.7%
2016
Vince Aso
65.4%
2011
Andre Taylor
64.6%
2012
Andre Taylor
64.6%
2013
Andre Taylor
64.6%
2014
Andre Taylor
64.6%
2011
Jack Lam
64.3%
2012
Jack Lam
64.3%
2014
Jack Lam
64.3%
2011
Aaron Cruden
64.3%
2019
Matt Proctor
63.4%
2017
Vaea Fifita
62.7%
2016
Matt Proctor
62.6%
2004
Hosea Gear
61.8%
2007
Hosea Gear
61.8%
2008
Hosea Gear
61.8%
2010
Hosea Gear
61.8%
2011
Hosea Gear
61.8%
2017
Wes Goosen
61.8%
2016
Vaea Fifita
61.5%
2017
Ricky Riccitelli
61.2%
2016
James Marshall
60.9%
2017
Jeffery Toomaga-Allen
60.7%
2019
Wes Goosen
60.6%
2005
Jimmy Gopperth
60.4%
2007
Jimmy Gopperth
60.4%
2008
Jimmy Gopperth
60.4%
2016
Jeffery Toomaga-Allen
60.3%
2012
Jeffery Toomaga-Allen
59.8%
2014
Jeffery Toomaga-Allen
59.8%
2017
Ben May
59.8%
2019
Vaea Fifita
59.4%
2018
Ricky Riccitelli
59.3%
2006
Jason Eaton
58.8%
2008
Jason Eaton
58.8%
2009
Jason Eaton
58.8%
2012
Jason Eaton
58.8%
2013
Jason Eaton
58.8%
2011
Chris Eaton
58.4%
2012
Ben May
58%
2013
Ben May
58%
2018
Gareth Evans
57.8%
2018
Jeffery Toomaga-Allen
57.3%
2006
Chris Masoe
57%
2007
Chris Masoe
57%
2008
Chris Masoe
57%
2000
David Holwell
56.6%
2001
David Holwell
56.6%
2002
David Holwell
56.6%
2003
David Holwell
56.6%
2004
David Holwell
56.6%
2006
David Holwell
56.6%
Hint
Answer
% Correct
2019
Jeffery Toomaga-Allen
55.5%
2000
Paul Tito
54.7%
2001
Paul Tito
54.7%
2002
Paul Tito
54.7%
2003
Paul Tito
54.7%
2004
Paul Tito
54.7%
2006
Paul Tito
54.7%
2007
Paul Tito
54.7%
2015
James Broadhurst
54.3%
2011
James Broadhurst
54.1%
2014
James Broadhurst
54.1%
2000
Alama Ieremia
53.8%
2010
Bryn Evans
52.4%
2002
Pita Alatini
52.3%
2006
John Schwalger
51.4%
2007
John Schwalger
51.4%
2008
John Schwalger
51.4%
2009
John Schwalger
51.4%
2010
John Schwalger
51.4%
2011
John Schwalger
51.4%
2000
Jason Spice
51.3%
2001
Jason Spice
51.3%
2002
Jason Spice
51.3%
2003
Jason Spice
51.3%
2004
Jason Spice
51.3%
2017
Michael Fatialofa
49.2%
2016
Michael Fatialofa
48.8%
2000
Norm Hewitt
48.7%
2001
Norm Hewitt
48.7%
2015
Reg Goodes
48.2%
2003
Lome Fa'atau
46.9%
2005
Lome Fa'atau
46.9%
2006
Lome Fa'atau
46.9%
2018
Michael Fatialofa
46.3%
2001
Filo Tiatia
45.9%
2007
Alby Mathewson
45.1%
2009
Alby Mathewson
45.1%
2016
Reg Goodes
44.9%
2012
Tim Bateman
43.8%
2013
Tim Bateman
43.8%
2006
Isaia Toeava
43.7%
2007
Thomas Waldrom
42.8%
2009
Scott Waldrom
42.7%
2000
Jason O'Halloran
40.7%
2009
Tamati Ellison
40.6%
2010
Tamati Ellison
40.6%
2019
James Blackwell
39.9%
2000
Gordon Slater
39.5%
2001
Gordon Slater
39.5%
2002
Gordon Slater
39.5%
2010
Karl Lowe
39.3%
2013
Karl Lowe
39.3%
2019
Reed Prinsep
38.8%
2011
Alapati Leiua
38.7%
2013
Alapati Leiua
38.7%
2014
Alapati Leiua
38.7%
2001
Paul Steinmetz
37.7%
2011
Faifili Levave
37.4%
2012
Faifili Levave
37.4%
2014
Faifili Levave
37.4%
2013
Ash Dixon
37.4%
2000
Dion Waller
36.2%
2001
Dion Waller
36.2%
2002
Dion Waller
36.2%
2003
Brent Ward
35.7%
2004
Brent Ward
35.7%
2000
Kupu Vanisi
35.5%
2002
Kupu Vanisi
35.5%
2003
Kupu Vanisi
35.5%
2004
Tane Tu'ipulotu
35.4%
2005
Shannon Paku
35.1%
2006
Shannon Paku
35.1%
2008
Shannon Paku
35.1%
2003
Tim Fairbrother
35%
2004
Tim Fairbrother
35%
2008
Tim Fairbrother
35%
2003
Luke Andrews
34.5%
2005
Luke Andrews
34.5%
2007
Luke Andrews
34.5%
2002
Tony Penn
34%
2003
Tony Penn
34%
2017
Mark Abbott
33.4%
2004
Joe McDonnell
32.8%
2005
Joe McDonnell
32.8%
2018
Sam Lousi
32.1%
2004
Ben Herring
31.8%
2005
Ben Herring
31.8%
2019
Isaia Walker-Leawere
31.2%
2000
Kevin Yates
30.9%
2001
Kevin Yates
30.9%
2010
Willie Ripia
30.8%
2001
Brad Fleming
28.7%
2000
Inoke Afeaki
28.4%
2000
Campbell Feather
27.3%
2002
Campbell Feather
27.3%
2007
Bernie Upton
26.8%
2004
Ross Kennedy
26.7%
2005
Ross Kennedy
26.7%
2002
Daryl Lilley
25%
2010
Michael Paterson
24.3%
Quiz Playlist
Details
Report
Send in Message
Add To Playlist
Classic:
Type in answers that appear in a list
Last Updated: Aug 28, 2017
Quiz Scoreboard
CHALLENGE
Sign Up to Join the Scoreboard
Show All
Scores
Hide
Comments
May contain spoilers
Recently Published
Two Season TV Shows II
by 123Four
Television
10m
Image Sorting: Flags VI
by Barbecue
Geography
2m
Find the 'City' Movie
by crazypaving
Movies
60s
More to Explore
Quiz From the Vault
Featured Blog Post
14 Easter Pick-up Lines to Find Eggs With
hide this ad
You Might Also Like...
Tags
Rugby Quiz
hurricane
New Zealand
Rugby Team
Rugby Union
Starting
Starting Lineups
Super 14
Super Rugby
Wellington
Today's Top Quizzes in Sports
Browse Sports
hide this ad
Today's Top Quizzes in Rugby
Browse Rugby
Top Contributed Quizzes in Sports
1
Les meilleurs buteurs des matchs entre le PSG et l’OM
2
Les entraîneurs de l'OM et du PSG au 21e siècle
3
2022 World Cup Stars
4
Les joueurs passés par le PSG et l'OM
5
Players with Multiple 50 Home Run Seasons
6
FIFA Club World Cup Champions
7
Criteria MLB: Left Handed Sluggers
8
Les joueurs passés par le LOSC et le RC Lens
9
Top 10 NHL Goal Scorers of All Time
10
MLB Players with Two .350 Batting Average Seasons
Explore More
Trending Topics
Kpop
Anime
NBA
Disney
Crossword
Harry Potter
Marvel
Puzzle
Country
The Office
Song
Pokémon
NFL
Soccer
WWE
hide this ad
More By:
Benno
Quiz
Plays
Rating
Category
Featured
Created
International Rugby XVs: England
22,554
5.00
Sports
Jul 10, 2015
British & Irish Lions touring squads
18,968
4.88
Sports
Oct 31, 2011
International Rugby XVs: Ireland
16,630
4.17
Sports
Jul 10, 2015
England Rugby World Cup squads
15,885
4.50
Sports
Sep 28, 2011
Year End Top 10 Test Cricket ICC Batting Rankings
15,312
5.00
Sports
Jan 20, 2018
Go to Creator's Profile
Score Distribution
Quiz Creator Spotlight
Benno
Follow
Send a Message
Quizzes Created
-
Created Quiz Play Count
-
More By This Creator
Popular Quizzes Today
1
Find the US States - No Outlines Minefield
2
Colored Red Africa Blitz
3
Find the 'City' Movie
4
5x2 Blitz: Bands
5
The Countries of the World
6
Find the Countries of Europe - No Outlines Minefield
7
Find the US States
8
US States
More Sports Quizzes
Golf's Major Championships '100 Club'
Quiz Lab
Trending Quizzes
Colored Red Europe Blitz I
Colored Red Africa Blitz II
Colored Red Europe Blitz II
Colored Red Europe Blitz III
Colored Red Africa Blitz III
Recently Updated
How Do You Spell That?
pecheneg
Godzilla Movies
pecheneg
Grab Bag: 4-10 Letters
pecheneg
2024 March Madness Bracket
pecheneg
Famous TV Couples
Peacemaker
Champions League XIs: Real Madrid
pecheneg
Largest US Cities 1790-2010
pecheneg
Rides in Walt Disney World
pecheneg
Most Oscar Losses (Acting)
pecheneg
Beyoncé Albums
pecheneg
Trending Topics
Harry Potter
Anime
Marvel
Kpop
Disney
NBA
Crossword
NFL
The Office
Puzzle
Pokémon
Song
Soccer
Country
WWE
Your Account Isn't Verified!
In order to create a playlist on Sporcle, you need to verify the email address you used during registration. Go to your
Sporcle Settings
to finish the process.
Report this User
Report this user for behavior that violates our
Community Guidelines
.
Details:
Send Report
Go to the Sporcle.com Mobile Site →
Comments